|
|
|
|
| LEADER |
00000nam0a2200000 4500 |
| 001 |
159993 |
| 005 |
20231101222144.0 |
| 035 |
|
|
|a (RuTPU)RU\TPU\book\173513
|
| 090 |
|
|
|a 159993
|
| 100 |
|
|
|a 20090516d1985 k y0rusy50 ca
|
| 101 |
0 |
|
|a rus
|
| 102 |
|
|
|a RU
|
| 105 |
|
|
|a a z 001zy
|
| 200 |
1 |
|
|a Синтез фосфорорганических соединений. Гомолитические реакции
|f А. И. Рахимов
|g Академия наук СССР (АН СССР), Институт элементоорганических соединений им. А. Н. Несмеянова (ИНЭОС); под ред. М. И. Кабачника
|
| 210 |
|
|
|a Москва
|c Наука
|d 1985
|
| 215 |
|
|
|a 248 с.
|c ил.
|
| 320 |
|
|
|a Библиография в конце глав.
|
| 606 |
1 |
|
|a Фосфорорганические соединения
|x Синтез
|2 stltpush
|3 (RuTPU)RU\TPU\subj\64188
|9 81103
|
| 610 |
1 |
|
|a фосфины
|
| 610 |
1 |
|
|a галогенфосфины
|
| 610 |
1 |
|
|a фосфор
|
| 610 |
1 |
|
|a окисление соединений
|
| 610 |
1 |
|
|a эфиры
|
| 610 |
1 |
|
|a гидрофосфорильные соединения
|
| 610 |
1 |
|
|a пероксиды
|
| 675 |
|
|
|a 547.1'118
|v 3
|
| 700 |
|
1 |
|a Рахимов
|b А. И.
|g Александр Имануилович
|
| 702 |
|
1 |
|a Кабачник
|b М. И.
|4 340
|
| 712 |
0 |
2 |
|a Академия наук СССР (АН СССР)
|b Институт элементоорганических соединений им. А. Н. Несмеянова (ИНЭОС)
|c (Москва)
|2 stltpush
|3 (RuTPU)RU\TPU\col\12434
|
| 801 |
|
1 |
|a RU
|b 63413507
|c 20090516
|g PSBO
|
| 801 |
|
2 |
|a RU
|b 63413507
|c 20161213
|g RCR
|
| 942 |
|
|
|c BK
|